[Event "Titled Tue 24th Jun Early"]
[Site "chess.com INT"]
[Date "2025.06.24"]
[Round "11"]
[White "Tang, Andrew"]
[Black "Bluebaum, Matthias"]
[Result "1-0"]
[WhiteTitle "GM"]
[BlackTitle "GM"]
[WhiteElo "2529"]
[BlackElo "2663"]
[WhiteFideId "2059630"]
[BlackFideId "24651516"]
[EventDate "2025.06.24"]

1. d4 d5 2. Nf3 e6 3. Bf4 c5 4. e3 Nc6 5. Be2 cxd4 6. exd4 Bd6 7. Bxd6 Qxd6 8.
O-O Nge7 9. Re1 O-O 10. Nbd2 Bd7 11. Bd3 f6 12. c4 dxc4 13. Nxc4 Qc7 14. Rc1
Rad8 15. Qc2 h6 16. a3 Bc8 17. Re4 Nf5 18. Qc3 Qd7 19. Rd1 Kh8 20. Bb1 e5 21. d5
Ncd4 22. Ncxe5 fxe5 23. Nxe5 Qxd5 24. Ng6+ Kg8 25. Rdxd4 Nxd4 26. Ne7+ Kh8 27.
Nxd5 Rxd5 28. Rxd4 Re5 29. f3 1-0

[Event "Titled Tue 24th Jun Early"]
[Site "chess.com INT"]
[Date "2025.06.24"]
[Round "11"]
[White "Kollars, Dmitrij"]
[Black "Shankland, Sam"]
[Result "1-0"]
[WhiteTitle "GM"]
[BlackTitle "GM"]
[WhiteElo "2633"]
[BlackElo "2666"]
[WhiteFideId "12909572"]
[BlackFideId "2004887"]
[EventDate "2025.06.24"]

1. e4 c5 2. Nf3 d6 3. d4 cxd4 4. Nxd4 Nf6 5. Nc3 Nc6 6. Bg5 e6 7. Qd3 Be7 8.
O-O-O O-O 9. h4 Bd7 10. Kb1 Rc8 11. Ndb5 d5 12. exd5 Nb4 13. Qe2 Bxb5 14. Qxb5
Rxc3 15. Bxf6 Bxf6 16. Qxb4 Rc6 17. Bb5 Rd6 18. c4 a6 19. c5 Rxd5 20. Be2 Qc7
21. Rxd5 exd5 22. Bf3 Rd8 23. Rd1 Qe5 24. a4 a5 25. Qb5 h5 26. Ka2 g6 27. Rd3
Kg7 28. Rb3 Qc7 29. Qb6 Rc8 30. Rb5 Bd4 31. Bxd5 Bxc5 32. Qxb7 Bxf2 33. Qxc7
Rxc7 34. Rxa5 Bxh4 35. Rb5 Be1 36. b4 Rc2+ 37. Kb3 Rc3+ 38. Kb2 Rd3 39. a5 Bxb4
40. a6 Bc3+ 41. Kc2 1-0

[Event "Titled Tue 24th Jun Early"]
[Site "chess.com INT"]
[Date "2025.06.24"]
[Round "11"]
[White "Lopez Rayo, Santiago"]
[Black "Wan, Yunguo"]
[Result "0-1"]
[WhiteTitle "FM"]
[BlackTitle "GM"]
[WhiteElo "2282"]
[BlackElo "2501"]
[WhiteFideId "4455665"]
[BlackFideId "8603189"]
[EventDate "2025.06.24"]

1. e4 c5 2. Nf3 e6 3. d4 cxd4 4. Nxd4 Nf6 5. Nc3 Nc6 6. Nxc6 bxc6 7. e5 Nd5 8.
Ne4 Bb7 9. Be2 c5 10. O-O Qc7 11. Nd6+ Bxd6 12. exd6 Qc6 13. f3 c4 14. Qd4 O-O
15. Bxc4 Rfc8 16. Bb3 Qxd6 17. Rd1 Qb6 18. a4 a5 19. Be3 Qxd4 20. Bxd4 Nb4 21.
c3 Nc6 22. Be3 d5 23. Bc2 Ba6 24. Rab1 Rab8 25. Rdc1 f6 26. Bd2 Ne5 27. b4 Bd3
28. Bxd3 Nxd3 29. Rd1 Ne5 30. Be1 Nc4 31. Bf2 Kf7 32. bxa5 Nxa5 33. Rb4 Ra8 34.
Rc1 e5 35. Rb5 Ke6 36. Bb6 Nc4 37. a5 Rcb8 38. Kf2 Ra6 39. Rcb1 Na3 40. R1b3
Nxb5 41. Rxb5 Rc8 42. Rb3 Rc4 43. Ke3 Ra8 44. g3 h5 45. Kd3 h4 46. g4 h3 0-1

[Event "Titled Tue 24th Jun Early"]
[Site "chess.com INT"]
[Date "2025.06.24"]
[Round "11"]
[White "Gubajdullin, Alexei"]
[Black "Essing, Arnold"]
[Result "1-0"]
[WhiteTitle "FM"]
[BlackTitle "FM"]
[WhiteElo "2233"]
[BlackElo "2197"]
[WhiteFideId "4141202"]
[BlackFideId "4619862"]
[EventDate "2025.06.24"]

1. e4 Nf6 2. d3 e5 3. Nf3 Nc6 4. Nbd2 d5 5. g3 Bc5 6. Bg2 O-O 7. O-O h6 8. c3
Be6 9. b4 Bd6 10. b5 Ne7 11. d4 dxe4 12. Nxe5 Bxe5 13. dxe5 Nd7 14. Nxe4 Nxe5
15. Bf4 Nd3 16. Be3 Nf5 17. Bc5 Nxc5 18. Nxc5 Bc4 19. Nxb7 Qf6 20. Re1 Rab8 21.
a4 Qxc3 22. Rc1 Qb3 23. Na5 Qxd1 24. Rexd1 Be6 25. Rxc7 Rfd8 26. Rdc1 Rd2 27.
Rxa7 Rbd8 28. Ra8 Rxa8 29. Bxa8 Nd4 30. b6 Ne2+ 31. Kg2 Nxc1 32. b7 Rb2 33. Kf3
Bd5+ 34. Ke3 Na2 35. Kd4 Bxb7 36. Bxb7 Rxf2 37. Nc6 Rxh2 38. a5 Nb4 39. Nxb4 Rh3
40. a6 Rxg3 41. a7 Ra3 42. Na6 g5 43. a8=Q+ 1-0

[Event "Titled Tue 24th Jun Early"]
[Site "chess.com INT"]
[Date "2025.06.24"]
[Round "11"]
[White "Begunov, Konstantin"]
[Black "Li, Yilin"]
[Result "1-0"]
[WhiteTitle "FM"]
[BlackTitle "WFM"]
[WhiteElo "2325"]
[BlackElo "1922"]
[WhiteFideId "4118510"]
[BlackFideId "8610410"]
[EventDate "2025.06.24"]

1. d4 d5 2. c4 e6 3. Nc3 Nf6 4. Bg5 Nbd7 5. e3 c6 6. Nf3 h6 7. Bh4 Be7 8. Qc2
O-O 9. cxd5 exd5 10. Bd3 Re8 11. O-O Ne4 12. Bxe4 dxe4 13. Qxe4 Bxh4 14. Qxh4
Qb6 15. Na4 Qb4 16. b3 Nf6 17. Rfc1 Be6 18. Nc5 Bd5 19. Ne5 b6 20. Ncd3 Qd6 21.
Qg3 Ne4 22. Qh4 f6 23. Ng6 Ng5 24. Qg3 Qd7 25. h4 Ne4 26. Qf4 Bf7 27. h5 Kh7 28.
Nge5 fxe5 29. Qxe4+ Kg8 30. Nxe5 Qd5 31. Qxd5 cxd5 32. g4 Be6 33. Rc6 Rac8 34.
Rac1 Rxc6 35. Rxc6 Kf8 36. Kg2 b5 37. Kg3 a5 38. Rb6 b4 39. Ra6 Ke7 40. Rxa5 1-0

[Event "Titled Tue 24th Jun Early"]
[Site "chess.com INT"]
[Date "2025.06.24"]
[Round "11"]
[White "Cahaya, Satria Duta"]
[Black "Materia, Marco"]
[Result "0-1"]
[WhiteTitle "FM"]
[BlackTitle "IM"]
[WhiteElo "2386"]
[BlackElo "2489"]
[WhiteFideId "7124252"]
[BlackFideId "45150451"]
[EventDate "2025.06.24"]

1. e4 c6 2. d4 d5 3. Nd2 dxe4 4. Nxe4 Nf6 5. Nxf6+ exf6 6. c3 Bd6 7. Bd3 O-O 8.
Qc2 Re8+ 9. Ne2 h5 10. Bd2 Nd7 11. O-O h4 12. Rae1 Nf8 13. c4 Bc7 14. Bf4 Bg4
15. Bxc7 Qxc7 16. h3 Bxe2 17. Rxe2 Qf4 18. Rfe1 Rxe2 19. Rxe2 Qxd4 20. Re4 Qd7
21. Rxh4 g6 22. Bf1 Rd8 23. Qc3 Kg7 24. Re4 Ne6 25. Re3 Qd2 26. Qb3 Qc1 27. Rxe6
fxe6 28. Qxb7+ Kh6 29. h4 Rd1 30. Qb8 Rxf1+ 31. Kh2 Kh5 32. Kg3 Rd1 33. Qh8+ Qh6
34. Qxf6 Rd3+ 35. f3 g5 36. Qe7 Qg6 37. Qf8 gxh4+ 38. Kf2 Rd2+ 39. Ke3 Qd3+ 40.
Kf4 Qf5+ 0-1

[Event "Titled Tue 24th Jun Early"]
[Site "chess.com INT"]
[Date "2025.06.24"]
[Round "11"]
[White "Andreikin, Dmitry"]
[Black "Martinez Alcantara, Jose Eduardo"]
[Result "1-0"]
[WhiteTitle "GM"]
[BlackTitle "GM"]
[WhiteElo "2695"]
[BlackElo "2611"]
[WhiteFideId "4158814"]
[BlackFideId "3805662"]
[EventDate "2025.06.24"]

1. c4 d6 2. d4 Nf6 3. Nf3 g6 4. Nc3 Bf5 5. Qb3 Qc8 6. h3 Bg7 7. g4 Bd7 8. Bg2
O-O 9. Bg5 Nc6 10. Rd1 Re8 11. d5 Na5 12. Qb4 b6 13. Nd4 e5 14. dxe6 fxe6 15.
Bxa8 c5 16. Qa3 cxd4 17. Bxf6 Qxa8 18. Nd5 Nxc4 19. Qf3 Bc6 20. Bxg7 Bxd5 21.
Qf6 Bxh1 22. Rxd4 Qb7 23. Bh6 Qf7 24. Qxf7+ Kxf7 25. Rxc4 e5 26. f3 e4 27. Kf2
exf3 28. exf3 Ke6 29. Rc1 Bxf3 30. Re1+ Kd7 31. Rxe8 Kxe8 32. Kxf3 Kd7 33. Ke4
a5 34. Kd5 b5 35. Bf4 b4 36. Bxd6 b3 37. axb3 a4 38. bxa4 Kc8 39. b4 Kb7 40. Bc5
Ka8 41. Kc6 h5 42. gxh5 g5 43. h6 g4 44. h7 1-0

[Event "Titled Tue 24th Jun Early"]
[Site "chess.com INT"]
[Date "2025.06.24"]
[Round "11"]
[White "Tekeyev, Zaur"]
[Black "Marin Ferragut, Pau"]
[Result "0-1"]
[WhiteTitle "IM"]
[BlackTitle "FM"]
[WhiteElo "2407"]
[BlackElo "2380"]
[WhiteFideId "4199731"]
[BlackFideId "54716020"]
[EventDate "2025.06.24"]

1. Nf3 d5 2. g3 Nf6 3. Bg2 e6 4. O-O c5 5. d3 Nc6 6. e4 dxe4 7. dxe4 Qxd1 8.
Rxd1 Nxe4 9. Na3 Bd7 10. Re1 Nf6 11. Nb5 O-O-O 12. Bf4 Nd5 13. Nd6+ Bxd6 14.
Bxd6 b6 15. g4 f6 16. Bg3 Ndb4 17. Re2 e5 18. c3 Na6 19. g5 Nc7 20. Nd2 Bg4 21.
f3 Bh5 22. gxf6 gxf6 23. a4 Nd5 24. Nc4 a6 25. Kf2 Kc7 26. Rb1 b5 27. axb5 axb5
28. Na3 Kb6 29. c4 Ndb4 30. Nxb5 Nd4 31. Rd2 Nxb5 0-1

[Event "Titled Tue 24th Jun Early"]
[Site "chess.com INT"]
[Date "2025.06.24"]
[Round "11"]
[White "Cuenca Jimenez, Jose Fernando"]
[Black "Aaron, Deepak"]
[Result "1-0"]
[WhiteTitle "GM"]
[WhiteElo "2487"]
[BlackElo "2318"]
[WhiteFideId "2255570"]
[BlackFideId "2009412"]
[EventDate "2025.06.24"]

1. d4 e6 2. Bf4 f5 3. c4 Nf6 4. a3 b6 5. Nc3 Bb7 6. e3 Be7 7. h4 O-O 8. Nh3 d6
9. Ng5 Qd7 10. d5 e5 11. Bg3 f4 12. exf4 exf4 13. Bxf4 Ng4 14. Ne6 Rxf4 15. Nxf4
Qf5 16. g3 Na6 17. Bd3 Qe5+ 18. Qe2 Nc5 19. O-O Qxe2 20. Bxe2 Ne5 21. Rad1 a5
22. Nb5 Bd8 23. b4 axb4 24. axb4 Nb3 25. Ne6 Ba6 26. Nbxc7 Bxc7 27. Nxc7 Ra7 28.
Nxa6 Rxa6 29. c5 Ra2 30. cxb6 Rxe2 31. b7 Nd7 32. Rfe1 Rxe1+ 33. Rxe1 Kf7 34.
Re6 Nb8 35. Rxd6 Ke7 36. Rc6 Kd7 37. Rc8 1-0

[Event "Titled Tue 24th Jun Early"]
[Site "chess.com INT"]
[Date "2025.06.24"]
[Round "11"]
[White "Atoyan, Alberto"]
[Black "Ersoz, Teoman Guney"]
[Result "1-0"]
[WhiteTitle "CM"]
[BlackTitle "CM"]
[WhiteElo "2266"]
[BlackElo "2052"]
[WhiteFideId "13314831"]
[BlackFideId "44537050"]
[EventDate "2025.06.24"]

1. e4 c5 2. d4 cxd4 3. Qxd4 Nc6 4. Qd3 g6 5. Nc3 Bg7 6. Nf3 d6 7. Be2 Nf6 8. O-O
O-O 9. Nd5 Nd7 10. c3 Nc5 11. Qc2 a5 12. Be3 a4 13. Rfd1 Qa5 14. Bg5 Re8 15.
Rab1 h6 16. Bf4 Bg4 17. h3 Bxf3 18. Bxf3 Ne5 19. Be2 g5 20. Bg3 Ng6 21. b4 axb3
22. axb3 Qa2 23. Rb2 Qa3 24. Nc7 Ne6 25. Nxe6 fxe6 26. Bh5 Rec8 27. Bxg6 Rxc3
28. Qe2 Rxg3 29. Rbb1 Rxb3 30. Qc4 Rxb1 31. Qxe6+ Kh8 32. Rxb1 Qa2 33. Rb3 Be5
34. g3 Rf8 35. Bf5 Bd4 36. Qxh6+ Kg8 37. Be6+ Rf7 38. Qg6+ Kh8 39. Qxf7 Qxf2+
40. Qxf2 1-0

[Event "Titled Tue 24th Jun Early"]
[Site "chess.com INT"]
[Date "2025.06.24"]
[Round "11"]
[White "Mangialardo, Tiago Carvalho"]
[Black "Miserendino, Alfredo"]
[Result "0-1"]
[WhiteElo "1979"]
[BlackElo "2032"]
[WhiteFideId "2130718"]
[BlackFideId "101800"]
[EventDate "2025.06.24"]

1. e4 c5 2. Nf3 e6 3. d4 cxd4 4. Nxd4 Bc5 5. Nb3 Bb6 6. Qg4 Nf6 7. Qxg7 Rg8 8.
Qh6 Bxf2+ 9. Kd1 Nc6 10. Qf4 Bb6 11. Be3 Rg4 12. Qf3 Bxe3 13. Qxe3 Rxe4 14. Qf3
d5 15. Bd3 Ne5 16. Qf2 Nfg4 17. Qg3 Re3 18. Qf4 Qh4 19. Rf1 f5 20. h3 Nxd3 21.
cxd3 Rxd3+ 22. Kc2 Rg3 23. hxg4 Rxg2+ 24. N1d2 Rxg4 25. Qe5 Bd7 26. Rae1 Rc8+
27. Kb1 Rg2 28. Rxf5 Kd8 29. Rff1 a5 30. Re2 Rg5 31. Qe3 a4 32. Qb6+ Ke7 33. Nc5
Bc6 0-1

[Event "Titled Tue 24th Jun Early"]
[Site "chess.com INT"]
[Date "2025.06.24"]
[Round "11"]
[White "Iskusnyh, Sergei"]
[Black "Ugorek, Kacper"]
[Result "1-0"]
[WhiteTitle "GM"]
[BlackTitle "CM"]
[WhiteElo "2440"]
[BlackElo "2262"]
[WhiteFideId "4120027"]
[BlackFideId "21890676"]
[EventDate "2025.06.24"]

1. d4 Nf6 2. c4 g6 3. g3 Bg7 4. Bg2 O-O 5. Nc3 d6 6. Nf3 Nbd7 7. O-O e5 8. e4 b6
9. Qc2 a5 10. Rd1 exd4 11. Nxd4 Bb7 12. f3 Re8 13. Be3 Nc5 14. Bf2 h5 15. Ndb5
h4 16. Rd2 hxg3 17. hxg3 Qe7 18. Re1 Nh5 19. Rdd1 Rac8 20. Nd5 Bxd5 21. cxd5 Qe5
22. f4 Qxb2 23. Qxb2 Bxb2 24. Na7 Ra8 25. Nc6 Nf6 26. Re2 Bc3 27. Rc1 Bb4 28. e5
Ng4 29. Bd4 dxe5 30. fxe5 Nd3 31. Rd1 Nc5 32. d6 cxd6 33. Nxb4 axb4 34. Bxa8
Rxa8 35. exd6 Rd8 36. d7 Kh7 37. Bxc5 bxc5 38. Re8 1-0

[Event "Titled Tue 24th Jun Early"]
[Site "chess.com INT"]
[Date "2025.06.24"]
[Round "11"]
[White "Sovetbekova, Nurai"]
[Black "Terletsky, Oleg"]
[Result "0-1"]
[WhiteTitle "WFM"]
[BlackTitle "IM"]
[WhiteElo "2007"]
[BlackElo "2160"]
[WhiteFideId "13801910"]
[BlackFideId "14116774"]
[EventDate "2025.06.24"]

1. d4 Nf6 2. Bf4 g6 3. e3 Bg7 4. Nf3 O-O 5. Be2 d5 6. O-O c5 7. c3 b6 8. Qb3 Nc6
9. Rd1 c4 10. Qc2 Bf5 11. Qa4 Bd7 12. Qc2 Ne4 13. Nbd2 f5 14. b3 b5 15. bxc4
bxc4 16. Ng5 e5 17. dxe5 Nxg5 18. Nxc4 Be6 19. Qa4 Rc8 20. Nd6 Rc7 21. Nb5 Rb7
22. c4 Nxe5 23. cxd5 Bf7 24. Rac1 Ne4 25. d6 g5 26. Bxe5 Bxe5 27. Nxa7 g4 28.
Nc6 Bxh2+ 29. Kf1 Qh4 30. g3 Bxg3 31. fxg3 Qxg3 0-1

[Event "Titled Tue 24th Jun Early"]
[Site "chess.com INT"]
[Date "2025.06.24"]
[Round "11"]
[White "Leiva, Gianmarco"]
[Black "Sipila, Vilka"]
[Result "1-0"]
[WhiteTitle "IM"]
[BlackTitle "IM"]
[WhiteElo "2387"]
[BlackElo "2465"]
[WhiteFideId "3804399"]
[BlackFideId "505455"]
[EventDate "2025.06.24"]

1. e4 g6 2. d4 Bg7 3. c3 b6 4. Nf3 Bb7 5. Bd3 e6 6. h4 h6 7. Nbd2 c5 8. Nf1 cxd4
9. cxd4 Nc6 10. Ng3 Nxd4 11. Nxd4 Bxd4 12. Qe2 Qf6 13. f4 d6 14. e5 dxe5 15. Be4
Bxe4 16. Nxe4 Qg7 17. Bd2 Ne7 18. Bb4 f5 19. Nd6+ Kf8 20. O-O-O Kg8 21. Rxd4
exd4 22. Qxe6+ Kh7 23. Nf7 Rhe8 24. Bxe7 Rac8+ 25. Kb1 Rc7 26. Ng5+ Kh8 27. Nf7+
Kg8 28. Nd6+ Kh7 29. Nxe8 Rxe7 30. Nxg7 1-0

[Event "Titled Tue 24th Jun Early"]
[Site "chess.com INT"]
[Date "2025.06.24"]
[Round "11"]
[White "Mattenberger, Matthias"]
[Black "Newansa, M Esandi"]
[Result "1-0"]
[WhiteTitle "FM"]
[BlackTitle "WCM"]
[WhiteElo "2286"]
[BlackElo "1945"]
[WhiteFideId "1339958"]
[BlackFideId "9999060"]
[EventDate "2025.06.24"]

1. e4 c6 2. Nf3 d5 3. d3 Bg4 4. Be2 e6 5. O-O Nd7 6. Ne1 Bxe2 7. Qxe2 Bd6 8. Nf3
Ne7 9. b3 Ng6 10. Bb2 O-O 11. g3 Nc5 12. Nbd2 Qc7 13. Rfe1 Rad8 14. a4 f5 15. e5
Be7 16. Nd4 Qd7 17. f4 Na6 18. Ba3 c5 19. N4f3 Nc7 20. Nf1 b5 21. axb5 Nxb5 22.
Bb2 Rc8 23. Ne3 h5 24. h4 Nh8 25. Red1 g6 26. Kh2 Nf7 27. c4 Nd4 28. Nxd4 cxd4
29. Bxd4 Bc5 30. Bxc5 Rxc5 31. d4 Rcc8 32. c5 Rb8 33. Ra3 Nd8 34. Rda1 Nc6 35.
Nc2 Rb7 36. Qd3 Rfb8 37. Qc3 Rb5 38. Kh3 Qb7 39. Rb1 a5 40. Ne1 Ra8 41. Nc2 a4
42. b4 Qa6 43. Rba1 Qb7 44. Rxa4 Rxa4 45. Rxa4 Kg7 46. Qa3 Kh6 47. Ra8 Kg7 48.
Ra6 Kh6 49. Qa4 Nxb4 50. Nxb4 Rxb4 51. Qe8 Kg7 52. Ra8 Rb1 53. Qh8+ Kf7 54. Qf8# 1-0

[Event "Titled Tue 24th Jun Early"]
[Site "chess.com INT"]
[Date "2025.06.24"]
[Round "11"]
[White "Klepek, Witold"]
[Black "Redor, Menandro"]
[Result "1-0"]
[WhiteTitle "CM"]
[WhiteElo "2253"]
[BlackElo "2021"]
[WhiteFideId "1175068"]
[BlackFideId "5222010"]
[EventDate "2025.06.24"]

1. c4 c6 2. Nf3 d5 3. g3 Nf6 4. Bg2 g6 5. O-O Bg7 6. cxd5 cxd5 7. d4 O-O 8. Nc3
Nc6 9. Ne5 Bd7 10. Bf4 e6 11. e3 Be8 12. Qb3 Nd7 13. Nxc6 bxc6 14. Rac1 Nb6 15.
Rfd1 g5 16. Be5 f6 17. f4 fxe5 18. fxe5 Rc8 19. Bh3 Qe7 20. Rf1 Nc4 21. Na4
Rxf1+ 22. Rxf1 Nd2 23. Qd3 Nxf1 24. Qxf1 Bg6 25. Nc5 Bf7 26. Qa6 Rf8 27. Qxc6 g4
28. Bxg4 Qg5 29. Bxe6 Qxe3+ 30. Kg2 Qe2+ 31. Kh3 Qf1+ 32. Kh4 Bxe6 33. Nxe6 Rf7
34. Qxd5 Qf3 35. Qd8+ Bf8 36. Ng5 Qf5 37. Nxf7 Qxf7 38. Qg5+ Kh8 39. Qf6+ Qxf6+
40. exf6 Kg8 41. Kg5 Kf7 42. Kf5 Bh6 43. g4 Bc1 44. b3 Bb2 45. g5 Bxd4 46. h4 a5
47. h5 Be3 48. g6+ hxg6+ 49. hxg6+ Kf8 50. Ke6 Bd4 51. a3 Bc3 52. g7+ Kg8 53.
Ke7 1-0

[Event "Titled Tue 24th Jun Early"]
[Site "chess.com INT"]
[Date "2025.06.24"]
[Round "11"]
[White "Verbova, Elena"]
[Black "Delorme, Axel"]
[Result "1-0"]
[WhiteTitle "WFM"]
[BlackTitle "GM"]
[WhiteElo "2033"]
[BlackElo "2475"]
[WhiteFideId "14203677"]
[BlackFideId "632023"]
[EventDate "2025.06.24"]

1. c4 e6 2. Nc3 d5 3. d4 c5 4. cxd5 exd5 5. Nf3 Nc6 6. dxc5 d4 7. Na4 Bxc5 8.
Nxc5 Qa5+ 9. Bd2 Qxc5 10. b4 Nxb4 11. Rc1 Qd6 12. Qb3 Nc6 13. e3 Nge7 14. Nxd4
O-O 15. Bc3 Qg6 16. Bb2 Nxd4 17. Bxd4 Nc6 18. Bb2 Be6 19. Qc3 Rac8 20. Bd3 Qxg2
21. Be4 Qg5 22. h4 Qa5 23. Rg1 f6 24. Bxc6 Qxc3+ 25. Rxc3 Rxc6 26. Rxc6 bxc6 27.
Kd2 Kf7 28. Bd4 Bxa2 29. Ra1 Bd5 30. Rxa7+ Kg6 31. h5+ Kxh5 32. Rxg7 Kh6 33. Rg3
f5 34. Bg7+ 1-0

[Event "Titled Tue 24th Jun Early"]
[Site "chess.com INT"]
[Date "2025.06.24"]
[Round "11"]
[White "Srihari, L R"]
[Black "Durarbayli, Vasif"]
[Result "1-0"]
[WhiteTitle "IM"]
[BlackTitle "GM"]
[WhiteElo "2480"]
[BlackElo "2612"]
[WhiteFideId "46617116"]
[BlackFideId "13402935"]
[EventDate "2025.06.24"]

1. Nf3 c5 2. c4 Nf6 3. Nc3 e6 4. e3 Nc6 5. d4 d5 6. cxd5 exd5 7. Bb5 cxd4 8.
Nxd4 Bd7 9. O-O Bd6 10. Nf3 Be6 11. Nd4 Bd7 12. Nf3 Bg4 13. h3 Bh5 14. b3 O-O
15. Bb2 Bc7 16. Be2 a6 17. Rc1 Re8 18. Na4 Qd6 19. Re1 Ne4 20. Nc3 Nxf2 21. Qxd5
Nxh3+ 22. Kh1 Nf2+ 23. Kg1 Qh6 24. Kxf2 Qxe3+ 25. Kf1 Bg3 26. Nd1 Bxf3 27. Nxe3
Bxd5 28. Nxd5 Bxe1 29. Rxe1 Rad8 30. Rd1 f6 31. Bf3 Kh8 32. Rc1 Ne5 33. Bxe5
Rxe5 34. Rc7 b5 35. Ra7 h5 36. Ne7 Kh7 37. Nc6 Rf8 38. Nxe5 fxe5 39. Ke2 Rf5 40.
Be4 1-0

[Event "Titled Tue 24th Jun Early"]
[Site "chess.com INT"]
[Date "2025.06.24"]
[Round "11"]
[White "Akshat Sureka"]
[Black "Warchol, Kamil"]
[Result "0-1"]
[WhiteTitle "FM"]
[BlackTitle "FM"]
[WhiteElo "2339"]
[BlackElo "2113"]
[WhiteFideId "25774492"]
[BlackFideId "21858241"]
[EventDate "2025.06.24"]

1. c4 b6 2. Nc3 Bb7 3. Nf3 Nf6 4. d4 e6 5. a3 d5 6. cxd5 Nxd5 7. g3 c5 8. Bg2
cxd4 9. Qxd4 Nc6 10. Qa4 Nxc3 11. bxc3 Rc8 12. Ne5 Qc7 13. Bf4 Bd6 14. Nxc6 Bxc6
15. Bxc6+ Qxc6 16. Qxc6+ Rxc6 17. Bxd6 Rxd6 18. Rd1 Ke7 19. Rxd6 Kxd6 20. Kd2
Kc5 21. Kc2 Rd8 22. Rb1 b5 23. a4 a6 24. axb5 axb5 25. Rb4 Ra8 26. Kb2 Ra4 27.
Kb3 Rxb4+ 28. cxb4+ Kd4 29. h3 h5 30. g4 hxg4 31. hxg4 g5 32. Kc2 Kc4 33. e3
Kxb4 34. f4 gxf4 35. exf4 Kc4 36. g5 Kd4 0-1

[Event "Titled Tue 24th Jun Early"]
[Site "chess.com INT"]
[Date "2025.06.24"]
[Round "11"]
[White "Hury, Tymoteusz"]
[Black "Weisz, Bryan"]
[Result "1-0"]
[WhiteTitle "CM"]
[WhiteElo "2115"]
[BlackElo "2059"]
[WhiteFideId "21839328"]
[BlackFideId "30934133"]
[EventDate "2025.06.24"]

1. e4 Nc6 2. d4 d6 3. d5 Nb8 4. Nc3 g6 5. f4 Bg7 6. h3 e5 7. Nf3 exf4 8. Bxf4
Ne7 9. Qd2 h6 10. O-O-O g5 11. Be3 Ng6 12. Bd4 O-O 13. Bxg7 Kxg7 14. g4 Nd7 15.
Nd4 Nde5 16. Bg2 Nf4 17. Rdg1 c5 18. Nf5+ Bxf5 19. gxf5 a6 20. h4 f6 21. Qe3 b5
22. Bf3 Kf7 23. hxg5 hxg5 24. Rh7+ Ke8 25. Ne2 Rf7 26. Rgh1 Nxe2+ 27. Bxe2 Ke7
28. Rxf7+ Nxf7 29. Bh5 Qh8 30. Qe2 Ne5 31. Bf3 Qg7 32. a4 bxa4 33. Bg2 g4 34.
Qd2 Nf3 35. Qa5 Rh8 36. Qc7+ Kf8 37. Qd8+ Kf7 38. Rxh8 Qg5+ 39. Kb1 Ne5 40. Qe8+
Kg7 41. Qg8# 1-0

[Event "Titled Tue 24th Jun Early"]
[Site "chess.com INT"]
[Date "2025.06.24"]
[Round "11"]
[White "Veiga, Jose Francisco R P Neves"]
[Black "Sitnic, Adnan"]
[Result "0-1"]
[WhiteTitle "IM"]
[BlackTitle "CM"]
[WhiteElo "2390"]
[BlackElo "2058"]
[WhiteFideId "1930087"]
[BlackFideId "14403854"]
[EventDate "2025.06.24"]

1. e4 Nc6 2. Nf3 d6 3. d4 Nf6 4. Nc3 Bg4 5. Be3 e5 6. d5 Ne7 7. h3 Bd7 8. Qd2 h6
9. O-O-O Ng6 10. g4 Nh7 11. Be2 Be7 12. Rdg1 Ng5 13. Nxg5 Bxg5 14. Bxg5 Qxg5 15.
Nd1 Nf4 16. Ne3 g6 17. h4 Qe7 18. Bf1 h5 19. g5 O-O 20. Ng2 Nh3 21. Be2 Nxg1 22.
Rxg1 c6 23. f4 exf4 24. Nxf4 Qxe4 25. Bxh5 Rae8 26. Be2 Bf5 27. Rg3 Re5 28. h5
cxd5 29. hxg6 fxg6 30. b3 d4 31. Bd3 Qh1+ 32. Kb2 Qc6 33. Nxg6 Qc3+ 34. Qxc3
dxc3+ 35. Kxc3 Bxg6 36. Bxg6 Rc8+ 37. Kb2 Kg7 38. Bd3 Rcc5 39. Rh3 Rxg5 40. Rh7+
Kf6 41. Rxb7 a5 42. Rb5 Rxb5 43. Bxb5 Rxb5 0-1

[Event "Titled Tue 24th Jun Early"]
[Site "chess.com INT"]
[Date "2025.06.24"]
[Round "11"]
[White "Lloret Ramis, Juan Jose"]
[Black "Fomevor, Cephas Clinton"]
[Result "0-1"]
[WhiteTitle "FM"]
[BlackTitle "CM"]
[WhiteElo "2019"]
[BlackElo "1883"]
[WhiteFideId "2204053"]
[BlackFideId "12601330"]
[EventDate "2025.06.24"]

1. c4 c6 2. Nc3 d5 3. d4 Nf6 4. Nf3 a6 5. e3 Bf5 6. cxd5 cxd5 7. Qb3 Ra7 8. Be2
e6 9. O-O Bd6 10. Bd2 O-O 11. Rfc1 Nc6 12. a4 Na5 13. Qd1 Ra8 14. Ne5 Rc8 15. f4
h6 16. Bd3 Bxd3 17. Nxd3 Qb6 18. b4 Nc4 19. a5 Qd8 20. b5 h5 21. Ne5 g6 22. b6
Bb4 23. Qe2 Nxa5 24. Qd3 Nb3 25. Nxg6 Nxc1 26. Rxc1 Re8 27. Ne5 Qxb6 28. Ne2
Bxd2 29. Qxd2 Rxc1+ 30. Nxc1 Ne4 31. Qe2 Qb1 32. Qd1 Rc8 33. Ned3 Rc3 34. Qxh5
Rxc1+ 0-1

[Event "Titled Tue 24th Jun Early"]
[Site "chess.com INT"]
[Date "2025.06.24"]
[Round "11"]
[White "Blackburn, Jonathan L B"]
[Black "Terkiewicz, Bruno"]
[Result "0-1"]
[WhiteTitle "FM"]
[BlackTitle "CM"]
[WhiteElo "2207"]
[BlackElo "2183"]
[WhiteFideId "1801090"]
[BlackFideId "21093245"]
[EventDate "2025.06.24"]

1. d4 Nf6 2. c4 g6 3. Nc3 Bg7 4. e4 d6 5. Be2 c5 6. d5 O-O 7. f4 a6 8. Nf3 e6 9.
O-O exd5 10. cxd5 b5 11. e5 Nh5 12. a4 b4 13. Ne4 dxe5 14. fxe5 Nd7 15. g4 f5
16. exf6 Nhxf6 17. Neg5 Nb6 18. Ne6 Bxe6 19. dxe6 Nxg4 20. Qxd8 Rfxd8 21. Ng5
Bd4+ 22. Kg2 Ne3+ 23. Bxe3 Bxe3 24. Nf7 Rd2 25. Kf3 Bd4 26. a5 Nd5 27. Bc4 Ne7
28. Rad1 Rxb2 29. h4 Kg7 30. h5 Nf5 31. h6+ Nxh6 32. Ke4 Nf5 33. Rxf5 gxf5+ 34.
Kxf5 Rf2+ 35. Ke4 Re8 36. Kd5 Kf6 37. Kd6 Re7 38. Rh1 Rc2 39. Rh6+ Kg7 40. Kxe7
Rxc4 0-1